Statistics for UK Cities With No Repeated Letters

Click here to take the quiz!

General Stats

  • This quiz has been taken 45 times
  • The average score is 10 of 21

Answer Stats

Answer% Correct
Bristol
81%
Edinburgh
81%
Norwich
70%
Belfast
70%
Coventry
70%
Bath
65%
Cambridge
63%
Plymouth
60%
Derby
58%
York
56%
Perth
49%
Bangor
35%
Ely
35%
Durham
33%
Salford
33%
Preston
30%
Newry
28%
Newport
26%
Chelmsford
26%
Lisburn
21%
Ripon
21%

Score Distribution

Percentile by Number Answered

Percent of People with Each Score

Your Score History

You have not taken this quiz